| 000 | 01604cac a2200397 i 4500 | ||
|---|---|---|---|
| 003 | EG-GICUC | ||
| 005 | 20260121101553.0 | ||
| 008 | 040109s2005 caua frb 001 0 eng d | ||
| 020 | _a0534629253 | ||
| 020 | _a9780534629250 | ||
| 040 |
_aDLC _cDLC _dDLC _dEG-GICUC _beng _erda |
||
| 043 | _an-us--- | ||
| 050 | 0 | 0 |
_aKF9219 _b.S34 2005 |
| 082 | 0 | 4 |
_221 _a341.1 |
| 092 | 0 | 4 | _221 |
| 099 | _aLaw 10 2005 | ||
| 100 | 1 |
_aScheb, John M. _q(John Malcolm), _d1926- |
|
| 245 | 1 | 0 |
_aCriminal law and procedure / _cJohn M. Scheb, John M. Scheb II. |
| 250 | _a5th edition. | ||
| 264 |
_aBelmont, CA : _bThomson/Wadsworth, _c2005. |
||
| 300 |
_axvii, 654 page : _billustrations ; _c26 cm. |
||
| 336 |
_atext _btxt _2rdacontent |
||
| 337 |
_aunmediated _bn _2rdamedia |
||
| 338 |
_avolume _bnc _2rdacarrier |
||
| 504 | _aIncludes bibliographical references and index. | ||
| 538 | _aSystem requirements for accompanying CD-ROM: Pentium II 233 MHz/PowerPC processor or later; Windows 98, ME, 2000, or XP or MAC OS 8.6+; Adobe Acrobat. | ||
| 650 | 0 |
_aCriminal law _zUnited States. |
|
| 650 | 0 |
_aCriminal procedure _zUnited States. |
|
| 700 | 1 |
_aScheb, John M., _d1955- |
|
| 856 | 4 | 2 | _uhttps://fll.law.cu.edu.eg/fulltext/bks/ENGB10-00127.pdf |
| 856 | 4 | 2 |
_3Contributor biographical information _uhttp://www.loc.gov/catdir/enhancements/fy1514/2004100359-b.html |
| 856 | 4 | 2 |
_3Publisher description _uhttp://www.loc.gov/catdir/enhancements/fy1514/2004100359-d.html |
| 856 | 4 | 1 |
_3Table of contents only _uhttp://www.loc.gov/catdir/enhancements/fy1514/2004100359-t.html |
| 905 | _a10 | ||
| 942 |
_2ddc _cBK _e21 _n0 |
||
| 999 |
_c53330 _d53330 |
||